| 000 | 00804nas a2200289 4500 | ||
|---|---|---|---|
| 001 | BR0602754 | ||
| 003 | BR-BrBNA | ||
| 005 | 20231205110052.0 | ||
| 007 | ta | ||
| 008 | 230509b bl.|||p| |||| 00| 00por d | ||
| 040 |
_aBR-BrBNA _bpor _cBiblioteca Nacional de Agricultura |
||
| 041 | _a(Pt) | ||
| 072 | _aL40 | ||
| 100 | 1 | _aFonseca, C.C. | |
| 100 | 1 | _aNogueira, J.C. | |
| 100 | 1 | _aBarbosa, A.J.A. | |
| 245 | 1 | _aHistometria do pâncreas do gambá sul-americano | |
| 650 | _aGAMBÁ | ||
| 650 | _aANIMAL SELVAGEM | ||
| 650 | _aPÂNCREAS | ||
| 650 | _aVOLUME | ||
| 650 | _aMORFOLOGIA ANIMAL | ||
| 650 | _aBIOMETRIA | ||
| 773 | 0 |
_tRevista Ceres (Brazil) _xISSN 0034-737X _g(Sep-Oct 2004), v. 51(297) p. 565-574 _wBR0602754 |
|
| 909 |
_a202311 _bLúcia _c55 _dLúcia Elande |
||
| 942 |
_2AGRIS _n0 _cANA |
||
| 999 |
_c186066 _d186066 |
||